[Event "RUS-Cup9"]
[Site "Novgorod"]
[Date "1997.06.17"]
[Round "6"]
[White "Yevseev, Denis"]
[Black "Zagrebelny, Sergey"]
[Result "0-1"]
[WhiteElo "2370"]
[BlackElo "2480"]
[Annotator "Ribli,Z"]
[PlyCount "142"]
[EventDate "1997.06.11"]
[EventType "swiss"]
[EventRounds "9"]
[EventCountry "RUS"]
[SourceTitle "CBM 060"]
[Source "ChessBase"]
[SourceDate "1997.09.29"]
[SourceVersion "1"]
[SourceVersionDate "1997.09.29"]
[SourceQuality "1"]

1. d4 Nf6 2. c4 e6 3. g3 d5 4. Bg2 Be7 5. Nf3 O-O 6. O-O dxc4 {Das ist die
klassische Variante der Katalanische Verteidigung. Schwarz beendet zuerst die
Entwicklung des Königsflügels und nimmt den Bauern auf c4. Wenn Weiß den
Bauern zurückgewinnt, kostet das Zeit. Inzwischen entwickelt Schwarz seinen
Damenflügel.} 7. Qc2 a6 8. a4 {Die andere Hauptfortsetzung ist 8.Qxc4.} Bd7 9.
Qxc4 Bc6 10. Bg5 a5 11. Nc3 Bxf3 {Schwarz folgt einer einfachen Strategie. Er
gibt seinen weißfarbigen Läufer auf, dann schränkt er die Möglichkeiten des
weißen Läufers mit c7-c6 ein. Er behält immer Kontrolle über das Feld b4.
Trotzdem, Weiß hat dasLäuferpaar, Ueberlegenheit im Zentrum und insgesamt die
etwas besseren Chancen.} (11... Na6 12. Rfd1 (12. Rac1 Bxf3 (12... Nb4 13. Rfd1
Bxf3 14. Bxf3 c6 15. e4 Nd7 16. Be3 Bg5 17. Bxg5 Qxg5 18. Bg2 e5 19. d5 Rfd8
20. dxc6 bxc6 21. Bf1 Qe7 {1/2-1/2 Gabriel,C-Siegel,G/Bad Woerishofen op 1996})
13. Bxf3 c6 14. e4 Nd7 15. Be3 Bg5 16. e5 Nb4 $13 {~~ Quinteros,M-Panno,O/
Termas de Rio Hondo 1987}) (12. Bxf6 $5 Bxf6 13. e4 Nb4 14. Rfd1 Rb8 (14... b6
15. Ne1 (15. Rac1 Bb7 16. e5 Be7 17. Ne1 {1/2-1/2 Kaidanov,G-Karpov,A/Tilburg
1993}) 15... g6 16. e5 Bxg2 17. Nxg2 Bg7 18. Ne3 $14 {Beliavsky,A-Schneider,A/
JUG-chT Tivat/1995/}) (14... Re8 15. Rac1 Qd7 16. b3 Rad8 17. Qe2 Qc8 18. h4
Qa8 19. Qe3 b6 20. Bf1 Rd7 21. Bh3 Bb7 22. d5 {1-0 Shumiakina,T-Blauert,J/
Pardubice op 1994 (38)}) 15. Rac1 Qd7 16. b3 Rfd8 17. Qe2 Rbc8 18. h4 Qe8 19.
Bh3 Bd7 20. Nb5 Bxb5 21. axb5 c6 22. bxc6 Rxc6 23. Rc4 {1/2-1/2 Karpov,
A-Polgar,J/Dos Hermanas 1997 (60)}) 12... Bxf3 13. Bxf3 c6 14. e4 Nd7 15. Be3
Bg5 16. Bxg5 Qxg5 17. Bg2 Nb6 18. Qe2 Rad8 19. e5 Nb4 20. Ne4 Qe7 21. b3 N6d5
22. Rac1 b6 23. h4 Rd7 24. h5 Rfd8 25. Nd6 Qg5 {Quinteros,M-Van Riemsdijk,H/
Buenos Aires 1990/1/2-1/2 (66)}) 12. Bxf3 c6 13. e4 Na6 14. Rfd1 Nb4 {[%csl
Gb4] Der Springer steht wirklich schön auf b4, aber er hat keine konkreten
Zielpunkten.} 15. Rac1 {Weiß spielt die richtige Züge. Die beste
Turmplazierung ist Rfd1 und Rac1.} Rc8 16. Qe2 (16. b3) 16... h6 17. Be3 Re8 (
17... Qd7 $5 18. Bg2 Rcd8) 18. e5 {Ein agressiver Zug. Weiss hat Initiative am
Königsflügel, aber die Herrschafft über den Punkt d5 ist auch wichtig.} (18.
Kg2 $14) (18. h4 $14) 18... Nd7 {Schwarz reserviert das Feld d5 für den
b4-Springer.} (18... Nfd5 19. Ne4 b6 $11 (19... Nxe3 $2 20. fxe3 $14 {Und das
weise Zentrum ist besonders stark.Ribli.})) 19. Be4 {[%csl Ge4][%cal Ge4h7]
Der weiße Läufer hat keinen Gegenpart und steht sehr aktiv auf der Diagonale.}
Bf8 $6 {Dieser Zug gefaellt mir nicht.Nach meiner Meinung der Laeufer muss auf
e7 bleiben,und der Springer kann nach f8 kommen.Ribli.} (19... Nd5) (19... Nf8
20. Qg4 Kh8) 20. h4 $36 Be7 (20... g6 21. h5 $16) 21. Bb1 Nf8 22. Qg4 {[%cal
Gg4g8] Droht 23.Bxh6.Ribli.} Kh8 23. Ne4 Nd5 24. Kg2 {[%cal Gd1h1] Weiß
verbessert seine Stellung. In einigen Varianten kann der Turm nach h1 kommen.}
Rc7 25. Qh5 Kg8 26. Bg5 $5 {Die weiße strategische Idee besteht darin, den
Läufer auf e7 zu tauschen und auf dem Feld d6 mit dem Springer einzudringen.} (
26. Rh1 $5 {Mit der Idee 27.Bg5.Ribli.}) (26. Bxh6 $6 gxh6 27. Qxh6 f5 28. exf6
Bxf6 $15 {Die schwarze Königsstellung ist schwach, aber Weiß hat trotzdem
keinen vollwertigen Ersatz für das geopferte Material.}) 26... hxg5 27. hxg5
$44 {[%csl Rg8]} Ng6 $8 28. Kf3 {Wilhelm Steinitz wäre über einen solchen
Königszug stolz gewesen.} (28. Rh1 $2 Ngf4+ 29. gxf4 Nxf4+ $19) 28... Bb4 {
[%csl Gb4] Der Läufer hat ein Feld auf b4, und was noch wichtiger ist, er
schafft Felder für den König.} 29. Rh1 Kf8 30. Qh7 {Es gibt keine konkrete
Drohung, aber es ist nicht leicht einen Plan für Schwarz zu finden. Schwarz
entscheidet sich, einen Bauern zu geben und kann dafür die Damen tauschen.} Ke7
$5 31. Qxg7 Rg8 32. Qh7 Rh8 33. Qg7 Qf8 $1 $15 (33... Rg8 $11 {Schwarz kann
die Züge wiederholen.}) 34. Qxf8+ Kxf8 35. Rxh8+ Nxh8 36. Rh1 Ng6 37. Nf6 $13 {
[%csl Gf6] Der weiße Springer hat einen sehr starken Punkt auf f6. Er hat nur
zwei Bauern für die Figur, aber seine Königsflügel-Bauern sind gefaehrlich.}
Nxf6 $6 {Nach diesem Zug hat Weiß eine gefährliche Bauernmasse.} (37... Nde7) (
37... Nge7 38. Rh8+ Kg7 39. Rd8 $18 {[%csl Rg7] Und der schwarze König
befindet sich in Mattnetz.}) 38. gxf6 Ke8 $8 (38... c5 39. Bxg6 fxg6 40. Rh8+
Kf7 41. Rh7+ $18) (38... Kg8 39. Ke4 Rd7) 39. Bxg6 (39. Ke4 c5) (39. Rh7 Rd7)
39... fxg6 40. Rh6 (40. Rh8+ Bf8) 40... g5 (40... Kf7 $2 41. Rh7+ $18) 41. Kg4
(41. Rh8+ Bf8) 41... Bf8 42. Rh8 Rd7 43. Kxg5 Rxd4 {Weiß hat zwei Bauern für
die Figur, und der schwarze Turm ist aktiv. Trotzdem hat Weißt Gegenchancen
mit seiner Bauernphalanx am Königsflügel. Der schwarze König und der Läufer
sind passiv.} 44. f4 b5 (44... Rxa4 $5 45. f5 Re4 {Das ist der Schlüsselzug
für Schwarz.} 46. fxe6 (46. Kg6 Rg4+ 47. Kh5 exf5 48. e6 Rxg3 49. e7 Rh3+)
46... Rxe5+ $19) 45. Kg6 (45. f5 Re4 (45... exf5 $2 46. e6 Re4 47. Kxf5 $16)
46. fxe6 (46. Kg6 Rg4+ 47. Kh5 exf5 (47... Rxg3) 48. e6 Rxg3 49. e7 Rh3+ $19)
46... Rxe5+ 47. Kg6 Rxe6 48. g4 bxa4) 45... Rd3 (45... Re4 46. Rh7 (46. f5 Rg4+
(46... exf5 47. Kxf5) (46... Rxe5 $2 47. f7+ Ke7 48. f6+ $18)) (46. g4 Rxf4 47.
g5)) 46. g4 Rd4 47. g5 Rxf4 48. Rh7 {[%cal Rh7a7,Ra7a8]} Rf5 49. axb5 (49. f7+
Ke7 $17) 49... cxb5 50. Ra7 Bb4 51. Ra8+ (51. f7+ Kd8 52. Kh6 Bd2 53. Ra8+ Ke7
$19) 51... Kd7 52. Kf7 (52. Ra7+ Kc6) 52... Rxg5 53. Ra7+ Kc6 54. Kxe6 {
Weiß hat nur einen Bauern für die Figur, aber das Material ist reduziert.
Leider für Weiss ist der schwarze Läufer auf b4 stark und verhindert den
Bauernvormarsch.} a4 55. f7 Rg2 $17 {Schwarz kann seinen Läufer für die
gefährliche weißen Bauern opfern und mit dem aktiven König Gewinnchancen am
Damenflügel suchen.} 56. Kf6 Rf2+ 57. Kg7 Kd5 (57... Rxb2) 58. Rb7 Kc6 {
Schwarz muss den b5-Bauern verteidigen.} 59. Ra7 Rxb2 60. e6 Rg2+ 61. Kf6 Rf2+
62. Ke5 a3 {[%csl Gb4][%cal Gb4f8,Gb4a3] Der Läufer leistet viel, er hält die
gegnerischen und verteidigt die eigenen Bauern.} 63. e7 Bxe7 64. Rxe7 Kc5 $1
$19 {Im Turmendspiel ist es sehr wichtig einen aktiven Turm und eine aktiven
König zu haben.} (64... a2 65. Ra7 Rxf7 (65... Kc5 66. Rxa2 Rxf7 (66... Rxa2 {
Mit der schönen Idee 67...Re2 und Schach auf der f-Linie. Der weiße Bauer geht
aber mit Schach zur Dame.} 67. f8=Q+)) 66. Rxa2) 65. Ra7 b4 66. Ke6 Kc4 67. Ra8
Kc3 68. Ra5 (68. f8=Q Rxf8 69. Rxf8 a2 70. Ra8 b3 71. Kd5 b2 72. Ra3+ Kb4 (
72... Kc2 $4 73. Rxa2 $11) 73. Rxa2 b1=Q $19) 68... Rxf7 $1 (68... Kb2 $2 69.
Rf5 Rxf5 70. Kxf5 a2 71. f8=Q a1=Q 72. Qxb4+ $11) 69. Kxf7 Kb2 70. Ke6 b3 71.
Kd5 Ka2 {Und Weiss gab auf. Er muß für den b-Bauern den Turm abgeben, und
Schwarz gewinnt mit dem a-Bauern.} 0-1

[Event "Hastings 9697"]
[Site "Hastings"]
[Date "1996.??.??"]
[Round "2"]
[White "Flear, Glenn C"]
[Black "Rozentalis, Eduardas"]
[Result "0-1"]
[WhiteElo "2435"]
[BlackElo "2610"]
[Annotator "Rozentalis,E"]
[PlyCount "88"]
[EventDate "1996.12.??"]
[EventType "tourn"]
[EventRounds "9"]
[EventCountry "ENG"]
[EventCategory "13"]
[SourceTitle "CBM 057"]
[Source "ChessBase"]
[SourceDate "1997.04.01"]
[SourceVersion "1"]
[SourceVersionDate "1997.04.01"]
[SourceQuality "1"]

1. d4 {Soffer,R Ftacnik} e6 2. c4 Nf6 3. g3 d5 4. Bg2 Be7 5. Nf3 O-O 6. O-O
dxc4 7. Nc3 Bd7 $146 {Soffer,R: english only. A rare move, which has not been
tried before by top grandmasters} (7... Nc6) (7... Nbd7) 8. Ne5 Bc6 9. e4 (9.
Nxc6 Nxc6 $11) 9... b5 $1 {The only logical move. In return for his broken
pawn structure Black will have active piece play and good posts for his knights
} (9... Be8 {Ftacnik} 10. Nxc4 c6 11. Bf4 Na6 12. Rc1 b5 13. Ne5 Qb6 14. Be3
Rd8 15. Qe2 c5 16. d5 Nc7 17. Rfd1 b4 18. Nc4 Qa6 19. Bf4 bxc3 20. Bxc7 cxb2
21. Qxb2 Rc8 22. d6 {Petursson,M-Barbero,G/Lugano op (08)/1989/1-0 (54)}) (9...
Bb4 {Ftacnik} 10. d5 Bxc3 11. dxc6 Bxe5 12. Qxd8 Rxd8 13. cxb7 Nbd7 14. bxa8=Q
Rxa8 15. Rd1 c5 16. Rb1 Bd4 17. Be3 e5 18. Rdc1 Nb6 19. Bd2 Ne8 20. Kf1 Nd6 21.
Ke1 Na4 22. b3 c3 23. Be3 Nb2 24. Ke2 {1-0 Edel,T-Konieczka,F/BL2-N 9091/1991 
(38)}) 10. Nxc6 (10. d5 $5) 10... Nxc6 11. e5 Nd5 12. Nxb5 Qd7 (12... Rb8 13.
Qa4 (13. Nc3 {Ftacnik} Ncb4 14. Nxd5 exd5 15. b3 cxb3 16. axb3 c5 17. Be3 Qb6
18. Rc1 Rbc8 19. Qg4 Rfd8 20. Rfd1 g6 21. h4 {1-0 Hausner,I-Jirovsky,M/CZE-ch 
(07)/1991 (45)})) 13. Nc3 Rab8 $11 14. Ne2 $6 {An aimless move, after which
Black quickly achieves a very good position} (14. Nxd5 $142 exd5 15. b3 (15. b3
{Ftacnik} c3 $13 (15... Rfd8 {Soffer,R} 16. f4 Nb4 17. f5 c5 (17... Bf8) 18. f6
Bf8 $13)) (15. f4 $13 {with a race between White's kingside attack and Black
queenside/central activity})) (14. Be4 $5 {Soffer,R covering d3 was also
interesting}) 14... Ncb4 $15 15. Bd2 c5 16. dxc5 (16. b3 {Ftacnik} cxd4 17.
bxc4 Nb6 18. Bxb4 Bxb4 19. Qxd4 Qc7 (19... Qxd4 $6 20. Nxd4 Bc3 21. Rad1 Nxc4
22. Nc6 $16) 20. Rfc1 Nd7 $15) 16... Nd3 {xf2,b2,e5  Already White is
struggling to equalise} (16... Bxc5 17. Bxb4 $11) 17. b3 (17. b4 {Ftacnik}
N5xb4 18. Bxb4 Rxb4 $17) 17... Bxc5 $1 (17... cxb3 18. axb3 Bxc5 19. Qc2) (
17... Nxe5 $5 $15 {Soffer,R} 18. Bf4 $140 Nxf4 19. gxf4 Qxd1 (19... Nd3 20. c6)
20. Rfxd1 Nd3 21. c6 Bc5 22. c7 Rbc8 23. bxc4 Nxf2 24. Rd7 Ng4+ 25. Kh1 Nf6 $19
) 18. bxc4 Nb6 19. Bc3 (19. Qc2 {Ftacnik} Rbc8 (19... Nxe5 20. Bf4 Qc7 21. Rfc1
$10 (21. Qe4 Bd6 22. Rac1)) (19... Rfc8 {Soffer,R} 20. Be4 Nxe5 21. Bxh7+ Kh8
22. Be4 Nbxc4 23. Bc3 $15) 20. Be4 Nxe5 $15) 19... Rfd8 {Not bad, but perhaps
too sophisticated} (19... Nxc4 {Soffer,R was more direct} 20. Be4 (20. Bc6 $2
Qxc6 21. Qxd3 Rfd8 $19) 20... Ncxe5 (20... Rfd8 21. Bxd3 Qxd3 22. Qxd3 Rxd3 $15
) 21. Nf4 (21. Bxe5 Nxe5 22. Qc2 f5 23. Qxc5 Rb5 24. Qd4 fxe4 25. Qxd7 (25.
Qxe4 Nf3+ 26. Kh1 Nd2) 25... Nxd7 $17) 21... Nxf4 22. Bxe5 Qxd1 23. Raxd1 (23.
Rfxd1 $2 Nh3+ 24. Kf1 Nxf2) 23... Ne2+ 24. Kg2 Rb4 $17) 20. Qc2 (20. Nc1 {
Soffer,R} Nxf2 $1 (20... Nxc4 21. Nxd3 Qxd3 22. Qxd3 Rxd3 23. Rac1 $15) 21.
Qxd7 Nd3+ (21... Ng4+ 22. Kh1 Rxd7 23. Nb3 Rc8 $17) 22. Qd4 Rxd4 23. Bxd4 Bxd4+
24. Kh1 Nf2+ 25. Rxf2 Bxa1 $17) (20. Rb1 $5 {Soffer,R} Nxc4 (20... Qa4 21. Qxa4
Nxa4 22. Rxb8 Rxb8 23. Bd4 Bxd4 24. Nxd4 Nxe5 25. Rc1 Rb4 26. Bf1 $11 (26. Nc6
Rxc4 27. Rxc4 Nxc4 28. Nxa7 Nc3 $15)) 21. Rxb8 Rxb8 22. Be4 Ndxe5 23. Qc2 $44)
20... Qa4 $1 (20... Nxc4 21. Rad1 (21. Be4 {Ftacnik} Na3 22. Qxd3 Qxd3 23. Bxd3
Rxd3 24. Rac1 $15) (21. Rad1 {Soffer,R} Na3 22. Qd2 Qa4 (22... Nxe5 $4 23. Qg5
$18) 23. Nf4 Nc4 24. Qe2 Nxf4 25. gxf4 $15) (21. Nc1 Nxf2 22. Rxf2 Qd1+ 23.
Qxd1 Rxd1+ 24. Bf1 Nd2 25. Bxd2 Rxd2 $17)) 21. Qxa4 {This leads to a very
unpleasant endgame} (21. Qb3 {Ftacnik} Qxc4 22. Rad1 Rbc8 $15 (22... Qg4 {
Soffer,R} 23. Qc2 Qg6 24. Ba1 Rbc8 25. Nf4 Nxf4 (25... Bxf2+ $2 26. Qxf2) 26.
Rxd8+ Rxd8 27. Qxc5 Nxg2 28. Qe7 Qd3 29. Kxg2 $15)) 21... Nxa4 22. Rad1 (22.
Ba5 {Ftacnik} Rdc8 23. Nc3 Nab2 $17) 22... Nxc3 (22... Nxf2 23. Rxd8+ Rxd8 24.
Rxf2 $13) 23. Nxc3 Nxe5 $17 {xc4,f2} 24. Rxd8+ (24. Ne4 Rdc8) 24... Rxd8 25.
Ne4 {For the time being White prevents the loss of a pawn, but he cannot rid
himself of all his weaknesses, in particular f2} (25. Rc1 {Ftacnik} Bxf2+ $1
$19) 25... Be7 $1 $17 26. Rb1 (26. Rc1 {Ftacnik} f5 27. Nc3 Rd2 $17 (27... Nxc4
{Soffer,R} 28. Nb5)) (26. c5 {Soffer,R} f5 $17) 26... f5 27. Rb7 Kf8 28. Nc3
Bc5 29. Rb5 (29. Na4 {Ftacnik} Rd1+ 30. Bf1 Bd4 31. c5 Rd2 $19) 29... Nd3 {
Ftacnik: english and german. Black pieces block c pawn, attack f2 weakness and
cooperate well with own pawn structure. Ftacnik: deutsch und englisch. Die
schwarzen Figuren blockieren den c-Bauern, greifen den schwachen Pf2 an und
wirken mit den eigenen Bauern zusammen.} 30. Nd1 a6 31. Rb1 (31. Ra5 Rd6 {/\Bb4
} (31... Rd6 {Ftacnik} 32. Bb7 (32. Bf1 {Soffer,R} Bb4 33. Ra4 a5 34. Bxd3 (34.
a3 Be1 35. c5 (35. Bxd3 Rxd3 36. Ne3 Rd2 $19) 35... Nxc5 36. Rc4 Rxd1 37. Rxc5
Rd2 $19) 34... Rxd3 35. Ne3 Rc3 $1 {paralysing White} (35... Ke7 36. Nc2 Bd2
37. Na1 $1 {/\Nb3}) (35... Rd2 36. c5) 36. Kf1 g5 37. Ke2 f4 $19) (32. a3 Ba7
$1) 32... Rb6 $19) (31... Rb8 $2 32. Bf1 $11)) 31... Ne5 32. Ne3 (32. Bf1 {
Ftacnik} Rd2 33. a4 Ng4 $17) 32... Rd2 $19 (32... Bxe3 {Ftacnik} 33. fxe3 Nxc4
34. e4 $17) 33. Rb8+ Ke7 34. Rc8 Bxe3 35. fxe3 Rxa2 {With his excellently
placed pieces, Black has no trouble in realizing the extra pawn} (35... Ng4 $17
{Ftacnik}) 36. Bb7 (36. c5 Ra1+ 37. Kf2 Ng4+ $19) 36... a5 (36... Ng4 {Ftacnik}
37. e4 $17) 37. c5 Rc2 38. c6 Ng4 39. Rg8 (39. c7 {Ftacnik} Nxe3 40. Bf3 e5 41.
Ra8 Rxc7 42. Rxa5 e4 $19) 39... Kf7 40. Ra8 Rc1+ 41. Kg2 Nxe3+ 42. Kf3 (42. Kf2
{Ftacnik} Ng4+ 43. Ke2 Ne5 $19) 42... Nc4 $1 43. h4 (43. c7 Ne5+ $19 44. Kf4
Ng6+ 45. Ke3 Rxc7) 43... Ne5+ 44. Ke3 (44. Kf4 Nxc6 45. Rc8 Rc4+ $19 46. Ke3 (
46. Kf3 Nd4+) 46... Ne5) 44... a4 (44... Nxc6 45. Rc8 (45. Rc8 {Ftacnik} Rc3+
46. Kd2 Rxg3 47. Bxc6 Rg4 $17)) (44... a4 45. Rxa4 Nxc6 $19) 0-1

[Event "Moscow FIDE GP"]
[Site "Moscow"]
[Date "2017.05.13"]
[Round "2"]
[White "Vallejo Pons, Francisco"]
[Black "Harikrishna, Pentala"]
[Result "1/2-1/2"]
[WhiteElo "2710"]
[BlackElo "2750"]
[Annotator "Sadorra,J"]
[PlyCount "163"]
[EventDate "2017.05.12"]
[EventType "swiss"]
[EventRounds "9"]
[EventCountry "RUS"]
[SourceTitle "CBM 179"]
[Source "ChessBase"]
[SourceDate "2017.07.12"]
[SourceVersion "1"]
[SourceVersionDate "2017.07.12"]
[SourceQuality "1"]

1. Nf3 Nf6 2. c4 e6 3. g3 d5 4. d4 Be7 5. Bg2 O-O 6. O-O dxc4 7. Ne5 {This is
one of the popular mainlines of the Catalan Opening.} Nc6 8. Bxc6 bxc6 9. Nxc6
Qe8 10. Nxe7+ Qxe7 11. b3 $5 {Vallejo uses a rare variation, first played in
1999, to surprise Harikrishna in the hopes of giving him problems over the
board.} ({More common moves are} 11. Qc2) ({and} 11. Qa4) 11... Rd8 ({A safer
move is} 11... cxb3 12. Qxb3 Rd8 13. Rd1 e5 $5 (13... Ba6 14. Ba3 (14. Nc3 $6
Nd5 {Black suddenly develops an initiative} 15. Rd2 (15. Ba3 Qg5 $1 {[%cal
Gg5g4,Gg4h3,Gg4e2]}) 15... Rab8 16. Nxd5 $2 (16. Qc2 {is more stubborn but
White still has to be careful.} Qg5 17. Ne4 Qh5 $36) 16... exd5 17. Qf3 Re8 18.
e3 Qb4 $1 19. Qf5 Qc3 20. Rb1 g6 {0-1 (20) Csala,I (2226)-Bodiroga,P (2353)
Gyula 2001}) 14... Qe8 15. Nc3 Nd5 $1 (15... Rab8 16. Qc2 Nd5 17. Ne4 {is
slightly unpleasant to play for Black.}) 16. e4 Rab8 17. Qc2 Nb4 18. Bxb4 Rxb4
$11 {and White's d4 pawn is just as weak as c7.}) 14. d5 c6 15. Ba3 Qd7 16. d6
Qh3 17. Nd2 Be6 $44 {The presence of the opposite-coloured bishops and White's
unsafe king always secures Black compensation for the pawn.}) 12. bxc4 c5 13.
Ba3 Qc7 14. Bxc5 Ne4 15. Qb3 {I'm sure this was still part of Vallejo's prep
which here can already be called a success as he will keep a pawn and go on
"plus-equals mode."} Bb7 16. Qa3 (16. Qe3 $5 {is another way to keep the
advantage} Nxc5 17. dxc5 Rac8 18. Na3 $1 Qxc5 19. Qxc5 Rxc5 20. Rfd1 $16) 16...
Rdc8 17. Rd1 e5 (17... Nxc5 {doesn't allow Black to equalise either} 18. dxc5
Qxc5 19. Qxc5 (19. Rd8+ $4 {This typical trick doesn't work} Rxd8 20. Qxc5 Rd1#
) 19... Rxc5 20. Nd2 Ba6 21. Rac1 Rac8 22. Rc3 $16) 18. Nc3 Nxc3 19. Qxc3 exd4
20. Bxd4 Qc6 21. f3 {Black has no counterplay on the squares around the white
king and will now face a daunting defensive task in the endgame.} Qxc4 22. Qxc4
Rxc4 23. Rac1 Ba6 24. Kf2 {The next moves will consist of both sides improving
their respective pawn structures and activating their pieces.} h5 25. a3 f6 26.
Rxc4 Bxc4 27. Rc1 Bf7 28. h3 a5 29. Rc5 ({More accurate is probable setting up
pressure-play on the enemy kingside.} 29. Rc7 a4 30. g4 $1 $16 {[%cal Gd4g7,
Gc7g7,Gg4g5,Gh3h4]}) 29... a4 30. Bc3 Be8 31. g4 hxg4 32. hxg4 Ra7 33. g5 $1 {
Pawn breaks open lines and help clarify targets.} Kf7 34. e4 Bd7 35. Ke3 Rb7
36. Bb4 Ra7 37. f4 fxg5 ({If Black keeps waiting, White will eventually push
his passed pawn.} 37... Rb7 38. Ra5 Kg6 (38... Be6 39. g6+ $1) 39. Rd5 Rc7 40.
Rd6 {[%csl Rf6][%cal Re4e5]} Kf7 41. e5 fxe5 42. fxe5 Be6 43. g6+ Ke7 44. Ra6+
Kd7 45. Rd6+ Ke7 46. Kf4 $18 {[%csl Ra4,Rg7][%cal Gf4g5,Rd6a6] not rushing as
the king and bishop aren't really going anywhere!}) 38. Rxg5 {White has made
plenty of progress since the queens were traded off--he has pushed down his
pawn majority and created a passed pawn. Now Vallejo has to find a plan to
break through the enemy defences.} g6 39. Rc5 Ra6 40. Rc7 Ke8 41. Kd4 Kd8 42.
Rc1 $1 {After luring the king so far away from the kingside, Vallejo correctly
swings it to the h-file where it can be more powerful on the 7th rank.} Rc6 43.
Bc5 Be6 44. Rh1 Bb3 45. Rh7 Ke8 46. Re7+ Kd8 47. Rh7 Ke8 48. Re7+ Kd8 49. Rg7
Ke8 50. e5 Bf7 51. Rh7 Bb3 52. Re7+ Kd8 53. Rg7 Ke8 54. Bd6 {Vallejo finally
hits on the most dangerous idea: to post the bishop on d6 and transfer his
king to f6. But it's trickier in practice as Black's pieces can make it
difficult for the white king to cross over the border.} Bf7 55. Bb4 $6 {
Missing a chance to execute the plan.} (55. Ke4 $1 Rc1 56. Kf3 (56. e6 $2 Re1+)
56... Bd5+ (56... Rg1 57. e6 $1) 57. Kg4 Rg1+ 58. Kh4 Kd8 59. Bc5 Rg2 60. Kh3 {
[%cal Ge5e6,Gh3g2]} Rc2 61. Be7+ Ke8 (61... Kc8 62. Rxg6) 62. Bd6 Rg2 63. e6
$18) (55. Ke3 {leads to the same thing.}) 55... Bb3 56. Ke4 {Blowing his
chances to execute the winning plan as Black is allowed to set up a defensive
barrier.} (56. Bd6) 56... Kd8 {avoiding the e5-e6 tricks later.} 57. Kf3 Be6 $1
58. Be7+ (58. Kg3 Rc1 59. Kh4 $2 Rg1 $11 {[%csl Rh4]}) (58. Rxg6 $4 Bd5+ $19)
58... Kc8 $1 (58... Ke8 59. Bd6 Bf5 60. Kg3 {[%cal Gg3h4,Gh4g5,Gg5f6]} Rc1 61.
e6 $18 {[%cal Gf5e6,Gg7e7] the winning trick.}) 59. Bb4 Bf5 60. Ra7 Rc4 $1 {
Harikrishna sacrifices another pawn to gain time to activate his pieces and
cause White to lose his coordination.} 61. Rxa4 Kb7 62. Ra5 Kb6 63. Kg3 (63.
Ra8 $4 Be4+) 63... Be6 64. Ra8 {The only way to make progress.} (64. Kf3 Bd7
65. Kg3 Be6) 64... g5 $1 {Fastastic defensive play from Harikrishna as trading
more pawns brings the game closer to a draw.} 65. fxg5 Rg4+ 66. Kf2 Rxg5 67.
Rb8+ Kc6 68. Bd6 Rg4 {While White may be two pawns up, Black has set up an
ideal blockade on both passed pawns. I'm sure both players already knew it was
a dead draw but Vallejo tries a few more moves to see if there's any chances
to make progress or create some sort of trick.} 69. Re8 Kd5 70. Kf3 Rh4 71. Rb8
Bd7 72. Rb1 Bc6 73. Ke3 Re4+ 74. Kd3 Rd4+ 75. Kc3 Rc4+ 76. Kb2 Ba4 $1 {locks
the white king up in the queenside corner which seals the draw.} 77. Re1 Rc2+
78. Kb1 Rd2 79. Kc1 Rc2+ 80. Kb1 Rd2 81. Kc1 Rc2+ 82. Kb1 {and the players
agreed to a draw.  An interesting battle that started with effective opening
prep by Vallejo which netted him a pawn. While White wasn't able to find the
right path at a critcal moment in the ending, credit has to be given to
Harikrishna who fought hard, finding good defensive moves and eventually
managing to survive a tortuous endgame situation.} 1/2-1/2